00878 2200301 4500001002100000005001500021035002000036007000300056008004100059020002200100040002200122082001200144084001400156090002200170100002300192245004200215250004100257300005000298650002700348850001200375504003500387264003600422336002100458337003000479338002300509999002200532990002200554INLIS00000000086050020221021015231 a0010-0621000035ta210602s2021 yoia g ind d a978-623-228-899-7 aYOPDYOGbinderda04223a790 a790 ISW k aCB-D.11 2021-03940 aIswahyudiepenulis1 aKarmawibanggha Borobudur /cIswahyudi aEdisi pertama: Cetakan pertama, 2021 aix, 271 halaman :bilustrasi, gambar ;c24 cm 4aSeni rupa--yIndonesia aYOPDYOG aBibliografi: halaman [263]-27131aYogyakarta :bGraha Ilmu,c2021 2rdacontentateks 2rdamediaatanpa perantara 2rdacarrieravolume aCB-D.11/2021-0394 aCB-D.11/2021-0394